Optical sensor for amine vapors based on dimer-monomer equilibrium of indium(III) octaethylporphyrin in a polymeric film /
Shranjeno v:
| Drugi avtorji: | , , , |
|---|---|
| Format: | Bài viết |
| Jezik: | English |
| Teme: | |
| Oznake: |
Označite
Brez oznak, prvi označite!
|
| Thư viện lưu trữ: | Thư viện Trường Đại học Đà Lạt |
|---|
| LEADER | 01017nam a2200349 4500 | ||
|---|---|---|---|
| 001 | DLU090096751 | ||
| 005 | ##20091201 | ||
| 040 | # | # | |a DLU |b eng |
| 041 | # | # | |a eng |
| 044 | # | # | |a us |
| 245 | # | # | |a Optical sensor for amine vapors based on dimer-monomer equilibrium of indium(III) octaethylporphyrin in a polymeric film / |c Wei Qin ... [et al.]. |
| 653 | # | # | |a Amine |
| 653 | # | # | |a Chemical sensor |
| 653 | # | # | |a Dimer |
| 653 | # | # | |a Indium III |
| 653 | # | # | |a Monomer |
| 653 | # | # | |a Optical sensor |
| 653 | # | # | |a Polymer films |
| 700 | # | # | |a Meyerhoff, Mark E. |
| 700 | # | # | |a Parzuchowski, Pawel. |
| 700 | # | # | |a Qin, Wei. |
| 700 | # | # | |a Zhang, Wei. |
| 773 | # | # | |t Analytical Chemistry |g Vol. 75, no. 2 (January 2003), p. 332-340 |
| 920 | # | # | |a Phòng Tạp chí -- Trung tâm Thông tin - Thư viện Trường Đại học Đà Lạt |
| 994 | # | # | |a DLU |
| 900 | # | # | |a True |
| 911 | # | # | |a Trương Bảo Trâm Anh |
| 925 | # | # | |a G |
| 926 | # | # | |a A |
| 927 | # | # | |a BB |
| 980 | # | # | |a Thư viện Trường Đại học Đà Lạt |